<?xml version="1.0" encoding="UTF-8"?>
<record
    xmlns:xsi="http://www.w3.org/2001/XMLSchema-instance"
    xsi:schemaLocation="http://www.loc.gov/MARC21/slim http://www.loc.gov/standards/marcxml/schema/MARC21slim.xsd"
    xmlns="http://www.loc.gov/MARC21/slim">

  <leader>02021nom a2200325 a 4500</leader>
  <datafield tag="999" ind1=" " ind2=" ">
    <subfield code="c">7616</subfield>
    <subfield code="d">7616</subfield>
  </datafield>
  <controlfield tag="001">991029864099706706</controlfield>
  <controlfield tag="003">OSt</controlfield>
  <controlfield tag="005">20211227140707.0</controlfield>
  <controlfield tag="008">071113s1998    spc|||        |   0 cat|c</controlfield>
  <datafield tag="035" ind1=" " ind2=" ">
    <subfield code="a">(ES-BaCBU).b67169715</subfield>
  </datafield>
  <datafield tag="040" ind1=" " ind2=" ">
    <subfield code="a">ES-BaCBU</subfield>
    <subfield code="b">cat</subfield>
    <subfield code="c">CDMR</subfield>
  </datafield>
  <datafield tag="043" ind1=" " ind2=" ">
    <subfield code="a">e-sp---</subfield>
    <subfield code="b">e-spc--</subfield>
    <subfield code="2">catmarc</subfield>
  </datafield>
  <datafield tag="245" ind1="0" ind2="0">
    <subfield code="a">1976-1998 : hist&#xF2;ria de la TV infantil a Catalunya</subfield>
    <subfield code="h">[Recurs electr&#xF2;nic] /</subfield>
    <subfield code="c">Festival Internacional de T.V. de Catalunya ; idea i coordinaci&#xF3; Gabriel Bosch Martorell ; producci&#xF3; i textos: Ra&#xFC;l del Bosque G&#xF3;mez ; gui&#xF3;: Mario Chaparro Rubio.</subfield>
  </datafield>
  <datafield tag="260" ind1=" " ind2=" ">
    <subfield code="a">[Barcelona? :</subfield>
    <subfield code="b">[s.n.],</subfield>
    <subfield code="c">1998?]</subfield>
  </datafield>
  <datafield tag="300" ind1=" " ind2=" ">
    <subfield code="a">1 disc &#xF2;ptic (CD-ROM) :</subfield>
    <subfield code="b">so, col.;</subfield>
    <subfield code="c">12 cm.</subfield>
  </datafield>
  <datafield tag="500" ind1=" " ind2=" ">
    <subfield code="a">A la superf&#xED;cie del disc: Observatori Europeu de la T.V. Infantil.</subfield>
  </datafield>
  <datafield tag="500" ind1=" " ind2=" ">
    <subfield code="a">T&#xED;tol obtingut de la pantalla de t&#xED;tol.</subfield>
  </datafield>
  <datafield tag="500" ind1=" " ind2=" ">
    <subfield code="a">T&#xED;tol a la superf&#xED;cie del disc: Hist&#xF2;ria de la T.V. infantil a Catalunya (1976-1998).</subfield>
  </datafield>
  <datafield tag="520" ind1="8" ind2=" ">
    <subfield code="a">El document recull i fa una cr&#xED;tica breu dels programes infantils emesos a Catalunya durant el per&#xED;ode compr&#xE9;s entre 1976 i 1998 per les emissores de televisi&#xF3; TVE, TV3 i Canal+. Tamb&#xE9; recull les dades b&#xE0;siques i els treballs m&#xE9;s destacats de les productores i creadors i creadores de dibuixos animats i material infantil de Catalunya. Finalment el document fa un recorregut hist&#xF2;ric al llarg de l'evoluci&#xF3; dels materials televisius adre&#xE7;ats exclusivament a un p&#xFA;blic infantil, fent &#xE8;mfasi en les aspectes pol&#xED;tics d'aquesta evoluci&#xF3;.</subfield>
  </datafield>
  <datafield tag="650" ind1=" " ind2="7">
    <subfield code="a">Televisi&#xF3;</subfield>
    <subfield code="x">Programes infantils</subfield>
    <subfield code="z">Catalunya</subfield>
    <subfield code="x">Hist&#xF2;ria.</subfield>
    <subfield code="2">lemac</subfield>
  </datafield>
  <datafield tag="650" ind1=" " ind2="7">
    <subfield code="a">Televisi&#xF3; i infants</subfield>
    <subfield code="z">Catalunya</subfield>
    <subfield code="x">Hist&#xF2;ria.</subfield>
    <subfield code="2">lemac</subfield>
  </datafield>
  <datafield tag="700" ind1=" " ind2=" ">
    <subfield code="9">4810</subfield>
    <subfield code="a">Bosch Martorell, Gabriel</subfield>
  </datafield>
  <datafield tag="700" ind1=" " ind2=" ">
    <subfield code="9">4811</subfield>
    <subfield code="a">Bosque G&#xF3;mez, Ra&#xFC;l del</subfield>
  </datafield>
  <datafield tag="700" ind1=" " ind2=" ">
    <subfield code="9">4812</subfield>
    <subfield code="a">Chaparro Rubio, Mario</subfield>
  </datafield>
  <datafield tag="711" ind1="2" ind2=" ">
    <subfield code="a">Festival Internacional de T.V. de Barcelona.</subfield>
  </datafield>
  <datafield tag="740" ind1="0" ind2=" ">
    <subfield code="a">Hist&#xF2;ria de la T.V. infantil a Catalunya (1976-1998).</subfield>
  </datafield>
  <datafield tag="907" ind1=" " ind2=" ">
    <subfield code="a">.b67169715</subfield>
    <subfield code="b">23-01-21</subfield>
    <subfield code="c">04-05-16</subfield>
    <subfield code="d">04-05-16</subfield>
    <subfield code="e">m</subfield>
    <subfield code="f">o</subfield>
    <subfield code="g">-</subfield>
    <subfield code="h">cat</subfield>
    <subfield code="i">spc</subfield>
    <subfield code="j">0</subfield>
    <subfield code="k">1</subfield>
  </datafield>
  <datafield tag="908" ind1=" " ind2=" ">
    <subfield code="a">GCDSO</subfield>
  </datafield>
  <datafield tag="942" ind1=" " ind2=" ">
    <subfield code="2">udc</subfield>
    <subfield code="c">ADV</subfield>
  </datafield>
  <datafield tag="952" ind1=" " ind2=" ">
    <subfield code="0">0</subfield>
    <subfield code="1">0</subfield>
    <subfield code="4">0</subfield>
    <subfield code="7">0</subfield>
    <subfield code="a">CDMR</subfield>
    <subfield code="b">CDMR</subfield>
    <subfield code="d">2021-12-27</subfield>
    <subfield code="e">Donaci&#xF3;</subfield>
    <subfield code="l">0</subfield>
    <subfield code="o">Capsa CDs 1</subfield>
    <subfield code="p">CDMR21120147</subfield>
    <subfield code="r">2021-12-27</subfield>
    <subfield code="w">2021-12-27</subfield>
    <subfield code="y">ADV</subfield>
  </datafield>
</record>
